[Event "TOP 16"]
[Site "Gonfreville l'Orcher"]
[Date "2007.04.28"]
[Round "4"]
[White "Vaisser, Anatoli"]
[Black "Netzer, Jean"]
[Result "1/2-1/2"]
[WhiteElo "2545"]
[BlackElo "2396"]
[PlyCount "133"]
[EventDate "2007.04.30"]
[SourceDate "2007.04.30"]
[WhiteTeam "Antibes"]
[BlackTeam "Bischwiller"]
[WhiteTeamCountry "FRA"]
[BlackTeamCountry "FRA"]

1. d4 f5 2. Bg5 g6 3. Nc3 Bg7 4. e4 fxe4 5. Nxe4 d5 6. Ng3 Nf6 7. Bd3 Nc6 8. h4
Qd6 9. N1e2 Bg4 10. f3 Bd7 11. c3 O-O-O 12. Qd2 Rde8 13. O-O-O e5 14. Bc2 exd4
15. cxd4 Rhf8 16. a3 Ng8 17. Bb3 Nge7 18. Kb1 Nf5 19. Nxf5 Bxf5+ 20. Ka2 h6 21.
Bf4 Rxe2 22. Bxd6 Rxd2 23. Bxf8 Rxd1 24. Rxd1 Bxf8 25. Bxd5 Bg7 26. Re1 Kd8 27.
b4 Nxd4 28. Bxb7 c6 29. Ba6 Bf6 30. Rd1 Kc7 31. Bc4 Nc2 32. Rc1 Ne3 33. g4 Bd7
34. Bf7 Bxh4 35. Bxg6 Be6+ 36. Kb1 Nc4 37. Bd3 Nd2+ 38. Kc2 Nxf3 39. Be4 Bxg4
40. Rf1 Ne5 41. Rf8 Bg5 42. Ra8 Kb7 43. Rg8 Nc4 44. Rg6 Bd7 45. a4 Kc7 46. Rg7
Kd6 47. Rg6+ Ke5 48. Rg7 Be6 49. Bxc6 a5 50. bxa5 Nxa5 51. Be8 Kd4 52. Ra7 Bf5+
53. Kb2 Bd2 54. Rc7 Nc4+ 55. Kb3 Na5+ 56. Kb2 Nc4+ 57. Kb3 Ne5 58. Ra7 Nd3 59.
Kc2 Bc3 60. Bd7 Be4 61. Bb5 Nc5+ 62. Kd1 Ke3 63. Rc7 Kd4 64. Rc8 Bf3+ 65. Be2
Bxe2+ 66. Kxe2 Nxa4 67. Rh8 1/2-1/2

[Event "TOP 16"]
[Site "Gonfreville l'Orcher"]
[Date "2007.04.28"]
[Round "4"]
[White "Mensch, Etienne"]
[Black "Bijaoui, Manuel"]
[Result "1-0"]
[WhiteElo "2348"]
[BlackElo "2388"]
[PlyCount "111"]
[EventDate "2007.04.30"]
[SourceDate "2007.04.30"]
[WhiteTeam "Bischwiller"]
[BlackTeam "Antibes"]
[WhiteTeamCountry "FRA"]
[BlackTeamCountry "FRA"]

1. d4 Nf6 2. c4 g6 3. Nc3 Bg7 4. e4 d6 5. Nf3 O-O 6. Be2 e5 7. O-O Nc6 8. d5
Ne7 9. Bd2 Nh5 10. g3 f5 11. Ng5 Nf6 12. f3 c6 13. Qb3 h6 14. Ne6 Bxe6 15. dxe6
Qc8 16. Rad1 b6 17. Be3 Qxe6 18. Rxd6 Qf7 19. Qc2 Ne8 20. Rdd1 Nc7 21. Rd7 Ne6
22. Qa4 Nd4 23. Rf2 a5 24. Qa3 Rfe8 25. Qd6 Nc8 26. Qc7 Re7 27. Qb7 Rxd7 28.
Qxa8 Rd8 29. c5 b5 30. Qxa5 Rf8 31. Bd3 f4 32. Bxd4 exd4 33. Ne2 fxg3 34. hxg3
h5 35. a4 Qe7 36. axb5 Qxc5 37. b4 Qd6 38. bxc6 Qxc6 39. Qc5 Qxc5 40. bxc5 Ne7
41. Nc1 Bh6 42. f4 h4 43. Kg2 g5 44. Bc4+ Kg7 45. Nd3 hxg3 46. Kxg3 Ng6 47. f5
Nf4 48. Rb2 Nxd3 49. Rb7+ Kh8 50. Bxd3 Bg7 51. c6 Rc8 52. Bb5 Be5+ 53. Kg4 Rc7
54. Rxc7 Bxc7 55. Kxg5 Kg7 56. f6+ 1-0

[Event "TOP 16"]
[Site "Gonfreville l'Orcher"]
[Date "2007.04.28"]
[Round "4"]
[White "Schlosser, Philipp"]
[Black "Ivanisevic, Ivan"]
[Result "1/2-1/2"]
[WhiteElo "2565"]
[BlackElo "2614"]
[PlyCount "104"]
[EventDate "2007.04.30"]
[SourceDate "2007.04.30"]
[WhiteTeam "Bischwiller"]
[BlackTeam "Antibes"]
[WhiteTeamCountry "FRA"]
[BlackTeamCountry "FRA"]

1. e4 c5 2. Nf3 e6 3. d4 cxd4 4. Nxd4 Nc6 5. Nc3 Qc7 6. Be3 a6 7. Qd2 Nf6 8.
O-O-O Bb4 9. f3 Ne5 10. Nb3 b5 11. Qe1 Be7 12. f4 Ng6 13. e5 Ng4 14. Ne4 O-O
15. Bc5 Bb7 16. h3 Nh6 17. Bxe7 Nxe7 18. Bd3 Nd5 19. Rf1 f5 20. Nd6 Bc6 21. g4
fxg4 22. Qg3 Nf7 23. Nxf7 Rxf7 24. hxg4 Raf8 25. f5 Nb4 26. Nd4 Nxd3+ 27. Qxd3
Qxe5 28. fxe6 Rxf1 29. Rxf1 Qg5+ 30. Kb1 Rxf1+ 31. Qxf1 Qf6 32. Qd1 Be4 33.
exd7 Qd6 34. a4 bxa4 35. Qe2 Qxd4 36. d8=Q+ Qxd8 37. Qxe4 Qd7 38. Ka2 Kf7 39.
Qf4+ Kg6 40. Ka3 h5 41. Qe4+ Kg5 42. gxh5 Kxh5 43. Qe2+ Kh4 44. Qxa6 g5 45. c4
g4 46. Qh6+ Kg3 47. c5 Qd3+ 48. Kxa4 Qc2+ 49. Kb5 Qxb2+ 50. Ka6 Qa3+ 51. Kb5
Qd3+ 52. Ka5 Qc3+ 1/2-1/2

[Event "TOP 16"]
[Site "Gonfreville l'Orcher"]
[Date "2007.04.28"]
[Round "4"]
[White "Acher, Mathieu"]
[Black "Heinz, Timothee"]
[Result "1-0"]
[WhiteElo "2363"]
[BlackElo "2289"]
[PlyCount "75"]
[EventDate "2007.04.30"]
[SourceDate "2007.04.30"]
[WhiteTeam "Antibes"]
[BlackTeam "Bischwiller"]
[WhiteTeamCountry "FRA"]
[BlackTeamCountry "FRA"]

1. e4 c5 2. Nf3 d6 3. Bc4 Nf6 4. Qe2 Nc6 5. c3 e6 6. Bb3 Be7 7. O-O O-O 8. Rd1
Qc7 9. d4 cxd4 10. cxd4 d5 11. Nc3 dxe4 12. Nxe4 Nd5 13. a3 a5 14. Bc2 b6 15.
Neg5 h6 16. Qd3 f5 17. Nh3 Ba6 18. Qd2 Bd6 19. Bb3 g5 20. Re1 Rfe8 21. Rxe6
Rxe6 22. Bxd5 Rae8 23. Qc2 Kh8 24. Bxe6 Rxe6 25. Bxg5 hxg5 26. Qxf5 Bc8 27.
Qxg5 Re7 28. Rc1 Bxh3 29. d5 Bd7 30. dxc6 Bxc6 31. Nd4 Be8 32. Qh6+ Kg8 33. Nf5
Bxh2+ 34. Kh1 Rh7 35. Qg5+ Qg7 36. Qxg7+ Rxg7 37. Nxg7 Bf4 38. Rc8 1-0

[Event "TOP 16"]
[Site "Gonfreville l'Orcher"]
[Date "2007.04.28"]
[Round "4"]
[White "Lallemand, Roza"]
[Black "Cochet, Caroline"]
[Result "1-0"]
[WhiteElo "2222"]
[BlackElo "2059"]
[PlyCount "39"]
[EventDate "2007.04.30"]
[SourceDate "2007.04.30"]
[WhiteTeam "Bischwiller"]
[BlackTeam "Antibes"]
[WhiteTeamCountry "FRA"]
[BlackTeamCountry "FRA"]

1. e4 g6 2. d4 Bg7 3. Nc3 c6 4. Be3 d6 5. Qd2 Nd7 6. O-O-O b5 7. h4 h5 8. f3
Nb6 9. Bd3 Qc7 10. Nh3 Nf6 11. Ng5 O-O 12. g4 b4 13. Ne2 c5 14. e5 dxe5 15.
dxc5 Nbd7 16. gxh5 gxh5 17. Ne4 Kh8 18. Bh6 Rg8 19. Rhg1 Nf8 20. Bxg7+ 1-0

[Event "TOP 16"]
[Site "Gonfreville l'Orcher"]
[Date "2007.04.28"]
[Round "4"]
[White "Palac, Mladen"]
[Black "Bouchet, Nicolas"]
[Result "1-0"]
[WhiteElo "2568"]
[BlackElo "2316"]
[PlyCount "87"]
[EventDate "2007.04.30"]
[SourceDate "2007.04.30"]
[WhiteTeam "Cannes"]
[BlackTeam "Créteil"]
[WhiteTeamCountry "FRA"]
[BlackTeamCountry "FRA"]

1. e4 c5 2. Nf3 g6 3. c3 Bg7 4. d4 cxd4 5. cxd4 d5 6. e5 Nc6 7. Bb5 Bg4 8.
Bxc6+ bxc6 9. Nbd2 Bxf3 10. Nxf3 e6 11. O-O Qb6 12. Qc2 Rc8 13. b3 Bf8 14. Rd1
a5 15. Rd3 h5 16. h3 Nh6 17. Bg5 Ba3 18. Bf6 Rg8 19. Qd2 Nf5 20. g4 hxg4 21.
hxg4 Ne7 22. Ng5 c5 23. Bxe7 Kxe7 24. Qf4 Rgf8 25. Nh7 cxd4 26. Nxf8 Rxf8 27.
Rb1 Bc5 28. Rc1 Qb5 29. Rh3 Kd7 30. Rh7 d3 31. Rxf7+ Rxf7 32. Qxf7+ Be7 33. Qf4
Bb4 34. Qf7+ Be7 35. Rd1 d2 36. Rxd2 Qb4 37. Rd3 Qe1+ 38. Kg2 Qe4+ 39. Qf3 Qxe5
40. Qe3 Qb8 41. Qd4 Qa8 42. Rf3 g5 43. Rf7 Qa6 44. Qf6 1-0

[Event "TOP 16"]
[Site "Gonfreville l'Orcher"]
[Date "2007.04.28"]
[Round "4"]
[White "Lam, Sophie"]
[Black "Levacic, Damir"]
[Result "1-0"]
[WhiteElo "2064"]
[BlackElo "2256"]
[PlyCount "77"]
[EventDate "2007.04.30"]
[SourceDate "2007.04.30"]
[WhiteTeam "Créteil"]
[BlackTeam "Cannes"]
[WhiteTeamCountry "FRA"]
[BlackTeamCountry "FRA"]

1. e4 e5 2. Nf3 Nc6 3. Bc4 Bc5 4. d3 Nf6 5. Nc3 d6 6. Bg5 h6 7. Bxf6 Qxf6 8.
Nd5 Qd8 9. c3 a6 10. h3 O-O 11. O-O Kh8 12. d4 Ba7 13. dxe5 dxe5 14. Qe2 Bd7
15. Rad1 Rc8 16. Rd2 Qe8 17. Rfd1 Be6 18. b4 b5 19. Bb3 Nb8 20. Nh4 c6 21. Ne3
Bxb3 22. axb3 Qe6 23. Nhf5 f6 24. Qg4 Rc7 25. Rd8 Qg8 26. Rxf8 Qxf8 27. Nh4 Qe8
28. Nef5 Kh7 29. Nd6 Qd7 30. Qg6+ Kh8 31. Nhf5 Kg8 32. Nxh6+ Kf8 33. Nhf5 Qe6
34. Nxb5 Rd7 35. Rxd7 Qxd7 36. Nbd6 Kg8 37. h4 c5 38. h5 cxb4 39. h6 1-0

[Event "TOP 16"]
[Site "Gonfreville l'Orcher"]
[Date "2007.04.28"]
[Round "4"]
[White "Kazhgaleyev, Murtas"]
[Black "Calistri, Tristan"]
[Result "1-0"]
[WhiteElo "2603"]
[BlackElo "2368"]
[PlyCount "49"]
[EventDate "2007.04.30"]
[SourceDate "2007.04.30"]
[WhiteTeam "Cannes"]
[BlackTeam "Créteil"]
[WhiteTeamCountry "FRA"]
[BlackTeamCountry "FRA"]

1. d4 Nf6 2. c4 g6 3. Nc3 Bg7 4. Nf3 O-O 5. Bg5 d6 6. e3 c5 7. d5 h6 8. Bh4 g5
9. Bg3 Nh5 10. Nd2 Nxg3 11. hxg3 f5 12. Bd3 Nd7 13. f4 e6 14. dxe6 Nb6 15. Qc2
Bxe6 16. O-O-O d5 17. cxd5 Nxd5 18. Bc4 Bxc3 19. bxc3 Qf6 20. Qb3 Nc7 21. Nf3
b5 22. Bxe6+ Nxe6 23. Ne5 c4 24. Qxb5 Rab8 25. Qa5 1-0

[Event "TOP 16"]
[Site "Gonfreville l'Orcher"]
[Date "2007.04.28"]
[Round "4"]
[White "Cornette, Matthieu"]
[Black "Romieux, Sebastien"]
[Result "1-0"]
[WhiteElo "2490"]
[BlackElo "2243"]
[PlyCount "67"]
[EventDate "2007.04.30"]
[SourceDate "2007.04.30"]
[WhiteTeam "Cannes"]
[BlackTeam "Créteil"]
[WhiteTeamCountry "FRA"]
[BlackTeamCountry "FRA"]

1. e4 c5 2. Nf3 d6 3. c3 Nf6 4. h3 Nc6 5. Bd3 e5 6. O-O Be7 7. Bc2 O-O 8. d4
cxd4 9. cxd4 exd4 10. Nxd4 Qb6 11. Nb3 Nb4 12. Nc3 Nxc2 13. Qxc2 Be6 14. Be3
Qb4 15. Rfd1 Rfc8 16. f4 a5 17. f5 Bc4 18. Nd2 a4 19. a3 Qa5 20. Nxc4 Rxc4 21.
Bd4 Rac8 22. Qf2 Rxc3 23. Bxc3 Rxc3 24. bxc3 Nxe4 25. Qe3 d5 26. Kh1 Qc7 27.
Rxd5 Ng3+ 28. Kg1 h6 29. Qe5 Qb6+ 30. Kh2 Bh4 31. Qe8+ Kh7 32. Qxf7 Qf2 33.
Qg6+ Kg8 34. Re5 1-0

[Event "TOP 16"]
[Site "Gonfreville l'Orcher"]
[Date "2007.04.28"]
[Round "4"]
[White "Nepeina Leconte, Maria"]
[Black "Larrat, Philippe"]
[Result "0-1"]
[WhiteElo "2371"]
[BlackElo "2174"]
[PlyCount "66"]
[EventDate "2007.04.30"]
[SourceDate "2007.04.30"]
[WhiteTeam "Cannes"]
[BlackTeam "Créteil"]
[WhiteTeamCountry "FRA"]
[BlackTeamCountry "FRA"]

1. e4 c5 2. Nf3 g6 3. d4 cxd4 4. Nxd4 Nc6 5. Nc3 Bg7 6. Nb3 Nf6 7. Be2 O-O 8.
O-O a5 9. a4 Nb4 10. Bf3 d6 11. Nd5 Nfxd5 12. exd5 Bf5 13. c3 Bc2 14. Qd2 Bxb3
15. cxb4 Qb6 16. Ra3 Bc4 17. bxa5 Rxa5 18. b4 Rxa4 19. Rxa4 Bxf1 20. Ra5 Ba6
21. b5 Rc8 22. bxa6 Bc3 23. Qc2 Qxa5 24. axb7 Rb8 25. Bg4 Rxb7 26. h4 Qa1 27.
Kh2 Be5+ 28. g3 Rb1 29. Bh6 Rh1+ 30. Kg2 Rg1+ 31. Kf3 Qd1+ 32. Qxd1 Rxd1 33.
Ke2 Rxd5 0-1

[Event "TOP 16"]
[Site "Gonfreville l'Orcher"]
[Date "2007.04.28"]
[Round "4"]
[White "Lepelletier, Benoit"]
[Black "Tkachiev, Vladislav"]
[Result "0-1"]
[WhiteElo "2423"]
[BlackElo "2652"]
[PlyCount "42"]
[EventDate "2007.04.30"]
[SourceDate "2007.04.30"]
[WhiteTeam "Créteil"]
[BlackTeam "Cannes"]
[WhiteTeamCountry "FRA"]
[BlackTeamCountry "FRA"]

1. e4 d6 2. Nc3 g6 3. f4 Bg7 4. Nf3 c5 5. Bb5+ Bd7 6. a4 Nc6 7. d3 a6 8. Bxc6
Bxc6 9. a5 Nf6 10. O-O O-O 11. Qe1 e6 12. f5 exf5 13. exf5 Qd7 14. Qh4 Qxf5 15.
Bg5 Nd5 16. Ne4 f6 17. Bd2 Qd7 18. Rae1 Rae8 19. c4 Nb4 20. Bxb4 cxb4 21. Qg3
f5 0-1

[Event "TOP 16"]
[Site "Gonfreville l'Orcher"]
[Date "2007.04.28"]
[Round "4"]
[White "Brih, Said"]
[Black "Govciyan, Pavel"]
[Result "0-1"]
[WhiteElo "2222"]
[BlackElo "2414"]
[PlyCount "120"]
[EventDate "2007.04.30"]
[SourceDate "2007.04.30"]
[WhiteTeam "Créteil"]
[BlackTeam "Cannes"]
[WhiteTeamCountry "FRA"]
[BlackTeamCountry "FRA"]

1. e4 e5 2. Nf3 Nc6 3. Nc3 g6 4. d3 Bg7 5. Bg5 f6 6. Be3 Nh6 7. h4 Ng4 8. h5
Nxe3 9. fxe3 d6 10. Be2 Bh6 11. Nd5 Ne7 12. Nxf6+ Kf7 13. g4 Kxf6 14. g5+ Bxg5
15. Nxg5 Kxg5 16. Kd2 Kf6 17. Qf1+ Bf5 18. Qf2 Qf8 19. Raf1 Ke6 20. Qg2 d5 21.
exf5+ gxf5 22. d4 exd4 23. exd4 Qh6+ 24. Kd3 Raf8 25. Bf3 Rhg8 26. Re1+ Kd7 27.
Qh2 f4 28. Qh3+ Kd8 29. Qh4 Qg5 30. Re5 Qxh4 31. Rxh4 c6 32. c3 Nc8 33. Ke2 Nd6
34. Kf2 Nc4 35. Re2 Ne3 36. Re1 Rf5 37. Rg1 Rxg1 38. Kxg1 Ke7 39. Kf2 Kf6 40.
Rh1 Rg5 41. b3 Nf5 42. Re1 Nd6 43. a4 Rg7 44. b4 Re7 45. Rg1 Ne4+ 46. Bxe4 dxe4
47. Rg8 e3+ 48. Ke1 Kf5 49. Rf8+ Ke4 50. Ke2 b6 51. b5 cxb5 52. axb5 h6 53. Rf6
Rg7 54. Rg6 f3+ 55. Kf1 Rf7 56. Rxh6 f2 57. Re6+ Kd3 58. d5 Rg7 59. Rg6 e2+ 60.
Kxf2 Rf7+ 0-1

[Event "TOP 16"]
[Site "Gonfreville l'Orcher"]
[Date "2007.04.28"]
[Round "4"]
[White "Strugnell, Carl"]
[Black "Fontaine, Robert"]
[Result "0-1"]
[WhiteElo "2225"]
[BlackElo "2567"]
[PlyCount "84"]
[EventDate "2007.04.30"]
[SourceDate "2007.04.30"]
[WhiteTeam "Créteil"]
[BlackTeam "Cannes"]
[WhiteTeamCountry "FRA"]
[BlackTeamCountry "FRA"]

1. e4 c6 2. d4 d5 3. Nc3 dxe4 4. Nxe4 h6 5. Ng3 Nf6 6. Bc4 Nbd7 7. Nf3 Nb6 8.
Bb3 e6 9. Qe2 a5 10. a3 a4 11. Ba2 Be7 12. Bd2 Qc7 13. c4 c5 14. Bc3 O-O 15.
O-O cxd4 16. Bxd4 Nbd7 17. Rfe1 b6 18. Rad1 Bb7 19. Bb1 Rac8 20. Nd2 Bc5 21.
Nde4 Bxd4 22. Rxd4 Nxe4 23. Nxe4 Bxe4 24. Qxe4 Nf6 25. Qc2 b5 26. Rc1 e5 27.
Rd3 bxc4 28. Rf3 Rfd8 29. Qxa4 Rd2 30. h3 e4 31. Rfc3 Qb6 32. Rf1 Rxb2 33. Bc2
Qd4 34. Re3 Qd5 35. Rd1 Qb7 36. Rd4 c3 37. Rb4 Qd5 38. Re2 Ra8 39. Rxb2 Rxa4
40. Rb8+ Kh7 41. Bxa4 Qc4 42. Bd1 Qd3 0-1

[Event "TOP 16"]
[Site "Gonfreville l'Orcher"]
[Date "2007.04.29"]
[Round "5"]
[White "Collas, Didier"]
[Black "Kessler, Martin"]
[Result "0-1"]
[WhiteElo "2472"]
[BlackElo "2149"]
[PlyCount "84"]
[EventDate "2007.04.30"]
[SourceDate "2007.04.30"]
[WhiteTeam "Gonfreville"]
[BlackTeam "Paris Chess Club"]
[WhiteTeamCountry "FRA"]
[BlackTeamCountry "FRA"]

1. Nf3 d5 2. d4 Nf6 3. c4 e6 4. Bg5 Be7 5. Nc3 O-O 6. e3 h6 7. Bh4 b6 8. Be2
Bb7 9. Bxf6 Bxf6 10. cxd5 exd5 11. O-O Re8 12. Qb3 c6 13. Rad1 Qd6 14. Bd3 Nd7
15. e4 dxe4 16. Bxe4 Nf8 17. Rfe1 Ne6 18. Ne5 Re7 19. Nxc6 Bxc6 20. d5 Nd4 21.
dxc6 Rae8 22. Qd5 Qb4 23. Re3 Qxb2 24. g3 Qxc3 25. Rxc3 Ne2+ 26. Kg2 Nxc3 27.
Qf5 Nxe4 28. Rd7 Re5 29. Qf3 Rc5 30. c7 Ng5 31. Qb7 Ne6 32. Qxa7 Rc8 33. Qxb6
R5xc7 34. Rxc7 Rxc7 35. a4 Bd4 36. Qb8+ Kh7 37. a5 g6 38. a6 Rc2 39. a7 Rxf2+
40. Kh1 Ng5 41. h4 Nf3 42. g4 Bxa7 0-1

[Event "TOP 16"]
[Site "Gonfreville l'Orcher"]
[Date "2007.04.29"]
[Round "5"]
[White "Rausis, Igors"]
[Black "Vachier Lagrave, Maxime"]
[Result "1/2-1/2"]
[WhiteElo "2537"]
[BlackElo "2593"]
[PlyCount "90"]
[EventDate "2007.04.30"]
[SourceDate "2007.04.30"]
[WhiteTeam "Gonfreville"]
[BlackTeam "Paris Chess Club"]
[WhiteTeamCountry "FRA"]
[BlackTeamCountry "FRA"]

1. d4 Nf6 2. c4 g6 3. Nf3 Bg7 4. g3 O-O 5. Bg2 c6 6. O-O d5 7. Qb3 Qb6 8. Nc3
Rd8 9. Qxb6 axb6 10. cxd5 Nxd5 11. Nxd5 Rxd5 12. Rd1 Be6 13. a3 Rb5 14. Bf1 Nd7
15. e3 Rf5 16. Nh4 Rfa5 17. Bd2 Ra4 18. Bc3 Nf6 19. Nf3 Ne4 20. Be1 Bd5 21. Bg2
Bb3 22. Rdc1 c5 23. Nd2 Nxd2 24. Bxd2 cxd4 25. Bxb7 Rb8 26. Bc6 dxe3 27. Bxe3
Bxb2 28. Bxa4 Bxa4 29. Rab1 Bxc1 30. Rxc1 f6 31. Rc7 Kf7 32. Bd2 Rd8 33. Bb4
Rd1+ 34. Kg2 Bd7 35. h4 e5 36. Rb7 b5 37. Kf3 h5 38. Ke2 Rd5 39. Rb6 g5 40. Rd6
Rxd6 41. Bxd6 Ke6 42. Bc7 Bc6 43. hxg5 fxg5 44. Bd8 Kf5 45. f3 g4 1/2-1/2

[Event "TOP 16"]
[Site "Gonfreville l'Orcher"]
[Date "2007.04.29"]
[Round "5"]
[White "Aflalo, Sophie"]
[Black "Collas, Silvia"]
[Result "0-1"]
[WhiteElo "1954"]
[BlackElo "2401"]
[PlyCount "53"]
[EventDate "2007.04.30"]
[SourceDate "2007.04.30"]
[WhiteTeam "Paris Chess Club"]
[BlackTeam "Gonfreville"]
[WhiteTeamCountry "FRA"]
[BlackTeamCountry "FRA"]

1. e4 c5 2. Nf3 e6 3. d4 cxd4 4. Nxd4 a6 5. Bc4 b5 6. Bb3 Bb7 7. f3 Bc5 8. Be3
Qb6 9. Qd2 Nc6 10. c3 Nf6 11. O-O Ne5 12. Kh1 a5 13. Bf4 Ng6 14. Bg3 a4 15. Bc2
b4 16. Bf2 Ba6 17. Bd3 bxc3 18. bxc3 Bxd3 19. Qxd3 e5 20. f4 Nxf4 21. Qe3 Ng4
22. Qd2 Nxf2+ 23. Qxf2 O-O 24. Qd2 exd4 25. Rxf4 dxc3 26. Nxc3 Be3 27. Nd5 0-1

[Event "TOP 16"]
[Site "Gonfreville l'Orcher"]
[Date "2007.04.29"]
[Round "5"]
[White "De Sousa, Jose Claude"]
[Black "Degraeve, Jean Marc"]
[Result "1/2-1/2"]
[WhiteElo "2294"]
[BlackElo "2549"]
[PlyCount "50"]
[EventDate "2007.04.30"]
[SourceDate "2007.04.30"]
[WhiteTeam "Paris Chess Club"]
[BlackTeam "Gonfreville"]
[WhiteTeamCountry "FRA"]
[BlackTeamCountry "FRA"]

1. e4 Nf6 2. e5 Nd5 3. d4 d6 4. c4 Nb6 5. exd6 exd6 6. h3 Be7 7. Nf3 Bf5 8. Bd3
Bxd3 9. Qxd3 O-O 10. O-O Re8 11. Nc3 N8d7 12. b3 Nf8 13. Be3 Ng6 14. Rad1 a6
15. Rfe1 Nd7 16. Nd5 h6 17. Bd2 Nf6 18. Nxe7+ Rxe7 19. Qf5 Rxe1+ 20. Rxe1 Qc8
21. Qxc8+ Rxc8 22. d5 b5 23. cxb5 axb5 24. Nd4 Rb8 25. Nc6 Ra8 1/2-1/2

[Event "TOP 16"]
[Site "Gonfreville l'Orcher"]
[Date "2007.04.29"]
[Round "5"]
[White "Paci, Cedric"]
[Black "Guadalpi, David"]
[Result "1-0"]
[WhiteElo "2291"]
[BlackElo "2336"]
[PlyCount "87"]
[EventDate "2007.04.30"]
[SourceDate "2007.04.30"]
[WhiteTeam "Vandoeuvre"]
[BlackTeam "Marseille"]
[WhiteTeamCountry "FRA"]
[BlackTeamCountry "FRA"]

1. Nf3 d5 2. c4 c6 3. g3 Bg4 4. Ne5 Be6 5. Bg2 Nf6 6. O-O Nbd7 7. d4 dxc4 8.
Qc2 Nxe5 9. dxe5 Ng4 10. h3 Nh6 11. Na3 g6 12. Nxc4 Bg7 13. e4 O-O 14. Be3 Qc8
15. Kh2 f5 16. exf6 exf6 17. Rad1 Nf7 18. f4 Kh8 19. b3 Qc7 20. Bd4 c5 21. Bc3
b5 22. Ne3 Rad8 23. f5 Bc8 24. Nd5 Rxd5 25. Rxd5 Bb7 26. fxg6 Bxd5 27. exd5
hxg6 28. Qxg6 Nd6 29. Bxf6 Rxf6 30. Rxf6 Bxf6 31. Qxf6+ Kg8 32. h4 c4 33. bxc4
bxc4 34. Bh3 c3 35. h5 Kh7 36. Qg6+ Kh8 37. Qf6+ Kh7 38. Be6 Qg7 39. Bf5+ Nxf5
40. Qxf5+ Kh8 41. d6 Qd4 42. d7 c2 43. Qxc2 Qxd7 44. Qe2 1-0

[Event "TOP 16"]
[Site "Gonfreville l'Orcher"]
[Date "2007.04.30"]
[Round "5"]
[White "Spiridonov, Nikola"]
[Black "Eliet, Nicolas"]
[Result "1/2-1/2"]
[WhiteElo "2363"]
[BlackElo "2464"]
[PlyCount "76"]
[EventDate "2007.04.30"]
[SourceDate "2007.04.30"]
[WhiteTeam "Paris Chess Club"]
[BlackTeam "Gonfreville"]
[WhiteTeamCountry "FRA"]
[BlackTeamCountry "FRA"]

1. Nf3 c5 2. g3 g6 3. Bg2 Bg7 4. O-O Nc6 5. c3 d5 6. d4 cxd4 7. cxd4 e6 8. Nc3
Nge7 9. a3 O-O 10. Bg5 h6 11. Bxe7 Qxe7 12. b4 Bd7 13. e3 Rfc8 14. Qb3 Be8 15.
Rac1 Qd6 16. Rfd1 Ne7 17. Bf1 Rc7 18. Na2 Rac8 19. Rc5 b6 20. Rxc7 Rxc7 21. b5
Qd8 22. Rc1 Rxc1 23. Nxc1 Qc7 24. Na2 Nf5 25. Bd3 Nd6 26. Nd2 Bf8 27. a4 Nb7
28. Kf1 Na5 29. Qc2 Qxc2 30. Bxc2 f6 31. Ke2 Kf7 32. e4 dxe4 33. Bxe4 f5 34.
Ba8 Bd6 35. f4 g5 36. Ke3 Kf6 37. Nc1 Bb4 38. Nd3 gxf4+ 1/2-1/2

[Event "TOP 16"]
[Site "Gonfreville l'Orcher"]
[Date "2007.04.30"]
[Round "5"]
[White "Payen, Arnaud"]
[Black "Pile, Richard"]
[Result "1/2-1/2"]
[WhiteElo "2378"]
[BlackElo "2285"]
[PlyCount "67"]
[EventDate "2007.04.30"]
[SourceDate "2007.04.30"]
[WhiteTeam "Gonfreville"]
[BlackTeam "Paris Chess Club"]
[WhiteTeamCountry "FRA"]
[BlackTeamCountry "FRA"]

1. d4 Nf6 2. Nf3 e6 3. e3 c5 4. Bd3 Nc6 5. O-O Be7 6. b3 O-O 7. Bb2 b6 8. c4
cxd4 9. exd4 Nb4 10. Be2 d5 11. Ne5 Bb7 12. Nd2 Rc8 13. Rc1 Rc7 14. a3 Nc6 15.
f4 dxc4 16. Nxc6 Bxc6 17. bxc4 Rd7 18. Bf3 Rxd4 19. Bxd4 Qxd4+ 20. Kh1 Bxf3 21.
Nxf3 Qxf4 22. Rc3 Ne4 23. Rd3 Bc5 24. g3 Qb8 25. Kg2 Qa8 26. Qe2 e5 27. Re1 Nf6
28. Qxe5 Re8 29. Qc7 Rc8 30. Qf4 Re8 31. Rxe8+ Qxe8 32. Qe5 Qc8 33. h3 h6 34.
g4 1/2-1/2

[Event "TOP 16"]
[Site "Gonfreville l'Orcher"]
[Date "2007.04.29"]
[Round "5"]
[White "Gozzoli, Yannick"]
[Black "Henrichs, Thomas"]
[Result "1-0"]
[WhiteElo "2453"]
[BlackElo "2512"]
[PlyCount "67"]
[EventDate "2007.04.30"]
[SourceDate "2007.04.30"]
[WhiteTeam "Marseille"]
[BlackTeam "Vandoeuvre"]
[WhiteTeamCountry "FRA"]
[BlackTeamCountry "FRA"]

1. d4 Nf6 2. c4 e6 3. Nf3 d5 4. Nc3 c6 5. Bg5 h6 6. Bh4 dxc4 7. e4 g5 8. Bg3 b5
9. Be2 Bb7 10. O-O Nbd7 11. Ne5 h5 12. Nxd7 Qxd7 13. Be5 Rh6 14. Qc1 Rg6 15.
Bxf6 Rxf6 16. Qxg5 Rg6 17. Qe3 O-O-O 18. Rad1 Bg7 19. Bxh5 Rh6 20. Bf3 Rdh8 21.
h3 Rg6 22. Be2 Rg8 23. g4 f5 24. f4 fxg4 25. hxg4 Bf6 26. Rf2 b4 27. Na4 e5 28.
Qh3 Rh8 29. Qg2 exd4 30. Nc5 Qe7 31. Nxb7 d3 32. e5 dxe2 33. Rxe2 Kxb7 34. Rd6
1-0

[Event "TOP 16"]
[Site "Gonfreville l'Orcher"]
[Date "2007.04.29"]
[Round "5"]
[White "Romieux, Sebastien"]
[Black "Vaisser, Anatoli"]
[Result "0-1"]
[WhiteElo "2247"]
[BlackElo "2545"]
[PlyCount "82"]
[EventDate "2007.04.30"]
[SourceDate "2007.04.30"]
[WhiteTeam "Créteil"]
[BlackTeam "Antibes"]
[WhiteTeamCountry "FRA"]
[BlackTeamCountry "FRA"]

1. e4 c5 2. Nf3 Nc6 3. Nc3 e6 4. d4 cxd4 5. Nxd4 Nf6 6. Nxc6 bxc6 7. e5 Nd5 8.
Ne4 c5 9. c4 Nb4 10. Be2 Nc6 11. f4 Bb7 12. Bf3 Nd4 13. O-O Qb6 14. b3 Be7 15.
Bb2 Nxf3+ 16. Qxf3 O-O 17. f5 exf5 18. Qxf5 Qe6 19. Ng3 g6 20. Qf4 d5 21. exd6
Bxd6 22. Qh6 Be5 23. Bxe5 Qxe5 24. Rae1 Qd4+ 25. Kh1 Rae8 26. Rd1 Qg4 27. Rd2
Re7 28. Kg1 Rfe8 29. Qf4 Qxf4 30. Rxf4 f5 31. Kf2 Kg7 32. h4 Kf6 33. a3 a5 34.
b4 axb4 35. axb4 cxb4 36. c5 Be4 37. Rd6+ Ke5 38. Ke3 Ra8 39. Ne2 Ra3+ 40. Kf2
Ra2 41. g3 Rc7 0-1

[Event "TOP 16"]
[Site "Gonfreville l'Orcher"]
[Date "2007.04.29"]
[Round "5"]
[White "Dourerassou, Jonathan"]
[Black "Kotronias, Vasilios"]
[Result "0-1"]
[WhiteElo "2350"]
[BlackElo "2570"]
[PlyCount "88"]
[EventDate "2007.04.30"]
[SourceDate "2007.04.30"]
[WhiteTeam "Créteil"]
[BlackTeam "Antibes"]
[WhiteTeamCountry "FRA"]
[BlackTeamCountry "FRA"]

1. e4 c5 2. Nf3 Nc6 3. d4 cxd4 4. Nxd4 Nf6 5. Nc3 d6 6. Bg5 e6 7. Qd2 Be7 8.
O-O-O O-O 9. f4 Nxd4 10. Qxd4 Qa5 11. Bc4 b5 12. Bb3 b4 13. Ne2 e5 14. Qe3 Be6
15. Bxf6 exf4 16. Nxf4 Bxf6 17. Nxe6 fxe6 18. Qh3 Kh8 19. Qxe6 Qg5+ 20. Kb1 Qe5
21. Qxe5 Bxe5 22. g3 Rf2 23. Rdf1 Raf8 24. Bc4 g6 25. Kc1 h5 26. Rhg1 Kg7 27.
Rh1 R8f6 28. Re1 Kh6 29. Be2 g5 30. Kd2 Rg2 31. Reg1 Rff2 32. Rxg2 Rxg2 33. a3
bxa3 34. bxa3 g4 35. c4 a5 36. Ke1 Bd4 37. a4 Bc5 38. Kf1 Rf2+ 39. Ke1 Kg5 40.
h4+ Kg6 41. Rf1 Rg2 42. Bd3 Bb4+ 43. Kd1 Rd2+ 44. Ke1 Rxd3+ 0-1

[Event "TOP 16"]
[Site "Gonfreville l'Orcher"]
[Date "2007.04.29"]
[Round "5"]
[White "Ivanisevic, Ivan"]
[Black "Lepelletier, Benoit"]
[Result "1-0"]
[WhiteElo "2614"]
[BlackElo "2423"]
[PlyCount "55"]
[EventDate "2007.04.30"]
[SourceDate "2007.04.30"]
[WhiteTeam "Antibes"]
[BlackTeam "Créteil"]
[WhiteTeamCountry "FRA"]
[BlackTeamCountry "FRA"]

1. d4 Nf6 2. c4 e6 3. Nc3 d5 4. Nf3 Be7 5. g3 O-O 6. Bg2 dxc4 7. O-O Nbd7 8. e4
c5 9. d5 exd5 10. exd5 Nb6 11. Ne5 Bd6 12. f4 Re8 13. Qf3 Rxe5 14. fxe5 Bxe5
15. h3 Bd7 16. Bf4 Bd4+ 17. Kh2 Qf8 18. Rae1 Re8 19. g4 Nc8 20. a4 b6 21. Qg3
a6 22. d6 Rxe1 23. Rxe1 Ne8 24. Nd5 Kh8 25. Ne7 Na7 26. Be5 Nf6 27. g5 Ne8 28.
Bd5 1-0